Score 0/18 Timer 02:00
0 Plays Today
Sports Cliché Missing Word % Correct
Giving 110 _______.percent
97.7%
No _______, no gain.pain
97.6%
When the going gets tough, the tough get _______.going
96.9%
There’s no “i” in _______.team
96.7%
They need to take it to the next _______.level
96.7%
Records are made to be _______.broken
94.8%
The best defense is a good _______.offense
92.4%
It's a _______-biter.nail
91.6%
It's a shame somebody has to _______ this game.lose
87.5%
Sports Cliché Missing Word % Correct
Open a can of whup-_______.butt
86.7%
The clock is their _______.ally/enemy
81.9%
He really has his game _______ on.face
81%
We're taking it one _______ at a time.game
78.2%
We've got a real _______-burner.barn
51.4%
Defense wins _______.championships
49.7%
It's _______-check time.gut
44.4%
The field is a frozen _______.tundra
41.8%
Drive for show - putt for _______.dough
26.4%

Today's Daily Dose

Remove Ads.
Support Sporcle.
Get the best of Sporcle when you Go Orange. This ad-free experience offers more features, more stats, and more fun while also helping to support Sporcle. Thank you for becoming a member.

You're not logged in!

Compare scores with friends on all Sporcle quizzes.
OR
Log In

Show Comments

Extras

Top Quizzes Today


Score Distribution

Your Account Isn't Verified!

In order to create a playlist on Sporcle, you need to verify the email address you used during registration. Go to your Sporcle Settings to finish the process.

Report this User

Report this user for behavior that violates our Community Guidelines.

Details: